| Tag |
First Indicator |
Second Indicator |
Subfields |
| LEADER |
00000cam a2200000 a 4500 |
| 001 |
in00001059639 |
| 005 |
20150929102219.0 |
| 008 |
910829s1992 nyua b 101 0 eng |
| 010 |
|
|
|a 91033710
|
| 020 |
|
|
|a 0387977198
|
| 035 |
|
|
|a (OCoLC)24468068
|
| 035 |
|
|
|9 AFP3506AM
|
| 040 |
|
|
|a DLC
|c DLC
|d TXA
|d UtOrBLW
|
| 049 |
|
|
|a TXAM
|
| 050 |
0 |
0 |
|a QA276.4
|b .C592 1991
|
| 082 |
0 |
0 |
|a 519.5/0285
|2 20
|
| 090 |
|
|
|a QA276.4
|b .C592 1992
|
| 245 |
0 |
0 |
|a Computing science and statistics :
|b statistics of many parameters : curves, images, spatial models /
|c Connie Page, Raoul LePage, editors.
|
| 264 |
|
1 |
|a New York :
|b Springer-Verlag,
|c [1992]
|
| 264 |
|
4 |
|c ©1992
|
| 300 |
|
|
|a xiii, 582 pages :
|b illustrations ;
|c 28 cm.
|
| 336 |
|
|
|a text
|b txt
|2 rdacontent
|
| 337 |
|
|
|a unmediated
|b n
|2 rdamedia
|
| 338 |
|
|
|a volume
|b nc
|2 rdacarrier
|
| 500 |
|
|
|a Proceedings of the 22nd Symposium on the Interface: Computing Science and Statistics, held May 16-19, 1990, at the Kellogg Center on the campus of Michigan State University.
|
| 504 |
|
|
|a Includes bibliographical references and index.
|
| 650 |
|
0 |
|a Mathematical statistics
|x Data processing
|v Congresses.
|
| 650 |
|
0 |
|a Numerical analysis
|x Data processing
|v Congresses.
|
| 650 |
|
0 |
|a Computer science
|v Congresses.
|
| 700 |
1 |
|
|a Page, Connie.
|
| 700 |
1 |
|
|a LePage, Raoul,
|d 1938-
|
| 711 |
2 |
|
|a Symposium on the Interface: Computing Science and Statistics
|n (22nd :
|d 1990 :
|c Kellogg Center)
|
| 999 |
|
|
|a MARS
|
| 999 |
f |
f |
|s b579b65c-e505-3c13-8939-96b7e9c8aa92
|i ff2a3b2d-122f-32c8-994b-95d869e1c86e
|t 0
|
| 952 |
f |
f |
|p normal
|a Texas A&M University
|b College Station
|c Sterling C. Evans Library
|d Evans: Library Stacks
|t 0
|e QA276.4 .C592 1992
|h Library of Congress classification
|i unmediated -- volume
|m A14815714598
|
| 998 |
f |
f |
|a QA276.4 .C592 1992
|t 0
|l Evans: Library Stacks
|